000 01441nam a22003853i 4500
001 EBC166117
003 MiAaPQ
005 20240628184142.0
007 cr cnu||||||||
008 240628s2001 xx o ||||0 eng d
020 _a9780203181737
_q(electronic bk.)
020 _z9780415204088
040 _aMiAaPQ
_beng
_cMiAaPQ
100 1 _aCrick, Oliver.
_964412
245 1 0 _aCommedia Dell'Arte :
_bA Handbook for Troupes.
250 _a1st ed.
264 1 _aOxford :
_bTaylor & Francis Group,
_c2001.
264 4 _c©2001.
300 _a1 online resource (273 pages)
336 _aText
_btxt
_2rdacontent
337 _aComputermedien
_bc
_2rdamedia
338 _aOnline Resource
_bcr
_2rdacarrier
500 _aE-Book-ProQuest / Fernzugriff nach Registrierung möglich
505 0 _aBook Cover -- Title -- Copyright -- Contents.
520 _aThis book covers both the history and professional practice of commedia dell'arte companies from 1568 to the present day.
653 _aImprovisation (Acting).
655 _aFernzugriff
_9230
655 4 _aElectronic books.
700 1 _aRudlin, John.
_964413
776 0 8 _iPrint version:
_aCrick, Oliver
_tCommedia Dell'Arte
_dOxford : Taylor & Francis Group,c2001
_z9780415204088
856 4 0 _uhttps://ebookcentral.proquest.com/lib/maxweberstiftung-ebooks/detail.action?docID=166117
_zVolltext
942 _cEB
999 _c71411
_d71411